书目信息 |
| 题名: |
中国古玉图鉴
|
|
| 作者: | 于卓思 编著 | |
| 分册: | 人物造型与纹饰 | |
| 出版信息: | 北京 文物出版社 2020.3 |
|
| 页数: | 235页 | |
| 开本: | 19cm | |
| 丛书名: | ||
| 单 册: | ||
| 中图分类: | K876.82 | |
| 科图分类: | ||
| 主题词: | 古玉器--中国--图集 | |
| 电子资源: | ||
| ISBN: | 978-7-5010-6653-7 | |
| 000 | 00979nam0 2200229 450 | |
| 001 | 012020031463 | |
| 005 | 20200616193922.5 | |
| 010 | @a978-7-5010-6653-7@dCNY148.00 | |
| 100 | @a20200616d2020 em y0chiy0110 ea | |
| 101 | 0 | @achi |
| 102 | @aCN@b110000 | |
| 105 | @af z 000zy | |
| 106 | @ar | |
| 200 | 1 | @a中国古玉图鉴@9Gu Yu Tu Jian @f于卓思编著@i人物造型与纹饰 |
| 210 | @a北京@c文物出版社@d2020.3 | |
| 215 | @a235页@d19cm | |
| 330 | @a于卓思女士秉承张永昌先生从器形和纹饰入手研究玉器的传统,在整理研究几乎所有已经发表出土玉器资料的基础上,拟选取各时代出土玉器的标准器,细致考察其器形、纹饰,总结时代本质特征,分人纹、龙纹、蟠螭纹、动物纹、组玉佩等类别,以图释典型器的形式,进行精确再现与详细讲解,并辅以变形、变体与特例补充说明,力求以图释构成图谱,形成中国古玉器形纹饰的发展图谱。此为人物纹分册。 | |
| 606 | 0 | @a古玉器@y中国@j图集 |
| 690 | 0 | @aK876.82@v5 |
| 701 | 0 | @a于卓思@9Yu Zhuo Si @4编著 |
| 801 | 0 | @aCN@bBJXHZP@c20230228 |
| 905 | @b1385709-10@dK876.82@e527@f2 | |
| 中国古玉图鉴/于卓思编著.人物造型与纹饰.-北京:文物出版社,2020.3 |
| 235页;19cm |
| ISBN 978-7-5010-6653-7:CNY148.00 |
| 于卓思女士秉承张永昌先生从器形和纹饰入手研究玉器的传统,在整理研究几乎所有已经发表出土玉器资料的基础上,拟选取各时代出土玉器的标准器,细致考察其器形、纹饰,总结时代本质特征,分人纹、龙纹、蟠螭纹、动物纹、组玉佩等类别,以图释典型器的形式,进行精确再现与详细讲解,并辅以变形、变体与特例补充说明,力求以图释构成图谱,形成中国古玉器形纹饰的发展图谱。此为人物纹分册。 |
| ● |
| 相关链接 |
|
|
|
|
正题名:中国古玉图鉴
索取号:K876.82/527
 
预约/预借
| 序号 | 登录号 | 条形码 | 馆藏地/架位号 | 状态 | 备注 |
| 1 | 1385709 | 213857094 | 第二样本阅览室/ [索取号:K876.82/527] | 在馆 | |
| 2 | 1385710 | 213857101 | 第二借阅区/ [索取号:K876.82/527] | 在馆 |